Le récit dans les séries de science-fiction : De Star Trek à X-Files (notice n° 2094825)

détails MARC
000 -LEADER
fixed length control field 01578cam a2200133 4500500
005 - DATE AND TIME OF LATEST TRANSACTION
control field 20260405011436.0
041 ## - LANGUAGE CODE
Language code of text/sound track or separate title fre
042 ## - AUTHENTICATION CODE
Authentication code dc
100 10 - MAIN ENTRY--PERSONAL NAME
Personal name Favard, Florent
Relator term author
245 00 - TITLE STATEMENT
Title Le récit dans les séries de science-fiction : De Star Trek à X-Files
260 ## - PUBLICATION, DISTRIBUTION, ETC.
Name of publisher, distributor, etc. Armand Colin,<br/>
Date of publication, distribution, etc. 2018.<br/>
520 ## - SUMMARY, ETC.
Summary, etc. Héritières des serials cinématographiques et des magazines pulp, les séries de science-fiction accompagnent la production télévisuelle depuis ses débuts. Elles ont soutenu, et souvent même mené de front, l’évolution de la complexité narrative de ce format au fil des décennies, hier au sein de la production nord-américaine, aujourd’hui à travers le monde, participant ainsi largement au renouvellement du genre. Cet ouvrage remonte aux origines des séries de science-fiction et s’appuie sur plusieurs exemples représentatifs d’aujourd’hui pour présenter leurs grands prototypes narratifs et leurs principaux motifs. Il permet de comprendre ce que la science-fiction a apporté à la télévision, et ce qu’en retour le petit écran a offert au genre de l’imaginaire le plus à même d’interroger notre avenir et ses possibles. De Star Trek à X-Files, de l’utopie à la dystopie, il révèle comment, épisode après épisode, année après année, les séries de science-fiction explorent des mondes extraordinaires, reformulent et rendent plus concrets nos craintes et nos espoirs...
856 41 - ELECTRONIC LOCATION AND ACCESS
Uniform Resource Identifier <a href="https://shs.cairn.info/le-recit-dans-les-series-de-science-fiction--9782200622992?lang=fr&redirect-ssocas=7080">https://shs.cairn.info/le-recit-dans-les-series-de-science-fiction--9782200622992?lang=fr&redirect-ssocas=7080</a>

Pas d'exemplaire disponible.

PLUDOC

PLUDOC est la plateforme unique et centralisée de gestion des bibliothèques physiques et numériques de Guinée administré par le CEDUST. Elle est la plus grande base de données de ressources documentaires pour les Étudiants, Enseignants chercheurs et Chercheurs de Guinée.

Adresse

627 919 101/664 919 101

25 boulevard du commerce
Kaloum, Conakry, Guinée

Réseaux sociaux

Powered by Netsen Group @ 2025